Statistics for The Australian Movie Quiz

Click here to take the quiz!

General Stats

  • This quiz has been taken 24 times
  • The average score is 9 of 35

Answer Stats

YearStarsSynopsisAnswer% Correct
1979Mel Gibson, Steve BisleyIn a lawless post-apocalyptic world. a vengeful Australian policeman sets out to stop a violent motorcycle gang.Mad Max
95%
1975Rachel Roberts, Anne-Louise LambertDuring a rural summer picnic, a few students and a teacher from an Australian girls' school vanish without a trace. Their absence frustrates and haunts the people left behind.Picnic at Hanging Rock
64%
1992Russell Crowe, Daniel PollockA group of skinheads become alarmed at how their neighbourhood is becoming more multicultural.Romper Stomper
64%
1995James Cromwell, Magda SzubanskiAn eccentric farmer teaches his pig how to herd sheep in order to try to win a local sheep herding competition.Babe
59%
2000Eric Bana, Simon LyndonBiopic of one of Australia's most infamous criminals, who writes his memoirs whilst in prison.Chopper
59%
1997Michael Caton, Stephen CurryA working-class family from Melbourne, fights city hall after being told they must vacate their beloved family home to allow for infrastructural expansion.The Castle
59%
1994Toni Collette, Rachel GriffithsA young social outcast, from a dysfunctional family, steals money from her parents, and escapes in the hope of finding happiness.Muriel's Wedding
55%
2003Heath Ledger, Orlando BloomBiopic of one of Australia's most infamous bushrangers.Ned Kelly
55%
2002Everlyn Sampi, Tianna SansburyIn 1931, three half-white, half-Aboriginal girls escape after being plucked from their houses to be trained as domestic staff, and set off on a journey across the Outback to return home.Rabbit Proof Fence
45%
1996Geoffrey Rush, Armin Mueller-StahlAs a young man, pianist David Helfgott is driven so hard by his father and his teachers, that he eventually has a nervous breakdown. Years later he returns to the piano and rediscovers his love of playing.Shine
45%
1981Mel Gibson, Bruce SpenceIn the post-apocalyptic Australian Outback, a cynical drifter agrees to help a small, gasoline-rich community, escape a horde of violent bandits.Mad Max 2: The Road Warrior
41%
2002Mick Molloy, Bill HunterAn amoral, selfish young man, ends up doing all he can to help save an inner-city bowls club destined for demolition and redevelopment.Crackerjack
32%
1993Nicholas Hope, Claire BenitoA man is kept inside by his mother for 30 years who tells him the air is toxic and he will die if he goes outside. But eventually he has to escape and find his way in the outside world.Bad Boy Bubby
23%
1980Edward Woodward, Jack ThompsonThree Australian lieutenants during The Boer War are put on trial for war crimes, as a means of diverting attention from war crimes committed by their superior officers.Breaker Morant
18%
2006Heath Ledger, Abbie CornishA poet falls in love with an art student who gravitates to his bohemian lifestyle -- and his love of heroin.Candy
18%
1980Jack Thompson, Graham KennedyBoardroom and dressing-room intrigues spill out onto the field at a professional Australian Rules football club.The Club
18%
1971Jenny Agutter, David GulpililTwo city-bred siblings are stranded in the Australian Outback, where they learn to survive with the aid of an Aboriginal boy.Walkabout
18%
2009Anthony LaPaglia, Oscar IsaacA journalist and a young Timorese political activist, travel to a small Timorese town to investigate the murder of five Australian journalists by the Indonesian military during the Indonesian invasion of Portuguese Timor in 1975.Balibo
14%
1986Michael Hutchence, Saskia PostTwo men who are members of a band, share a house in a Melbourne suburb with a variety of young music fans and social misfits.Dogs in Space
14%
1999Heath Ledger, Bryan BrownA young man who works as a bouncer at a Kings Cross strip club, has his life turned upside down when he becomes indebted to a local gangster.Two Hands
14%
2016Aaron Pederson, Jacki WeaverAn indigenous detective travels to a small outback town in search of a missing girl, and becomes embroiled in a web of police, political and mining industry corruption.Goldstone
9%
1986Colin Friels, John HargreavesA chronically shy mechanical genius, who has been fired from his job, teams up with an ex-con to pull off an ingenious heist.Malcolm
9%
2013Aaron Pederson, Hugo WeavingAn indigenous detective returns to his Outback home town to investigate the murder of a young girl.Mystery Road
9%
1998Hugo Weaving, Tony MartinA policeman interviews a suspected murderer, whose true character is hard to determine.The Interview
9%
2005Ray Winstone, Guy PearceDuring the Australian Frontier Wars, a lawman apprehends a notorious outlaw and his younger brother, He offers the elder one a deal. He sets him free to either kill his psychopathic older outlaw brother, or his younger brother will be killed.The Proposition
9%
2003Mick Molloy, Bob FranklinTwo suspended undercover detectives. must expose corruption in the Victorian police force and the Victorian state government in order to clear their names.Bad Eggs
5%
1990Sam Neil, Zoe CaridesA down on his luck cook, falls in love with a young Greek girl at the club where he works. After accidentally killing a fellow worker, he and his friend must work out how to dispose of the body.Death in Brunswick
5%
2003Sam Worthington, Timothy SpallBarry is released from prison. But to go straight, he must use his skills as a criminal to escape his former boss and a corrupt cop.Gettin' Square
5%
1987Judy Davis, Claudia KarvanA backing singer in a traveling Elvis tribute band is fired leaving her stranded in a the caravan park of a small coastal town. Here, she inadvertently encounters the daughter she abandoned 13 years ago without knowing it's her.High Tide
5%
1996Ben Mendelsohn, Jeremy SimsLooking for the fast track out of suburban hell, two natural born losers scheme an impossible heist.Idiot Box
5%
2005Cate Blanchett, Hugo WeavingAn ex-heroin addict becomes embroiled in a drug deal to help raise money for her business plans and to help her drug addict step-father.Little Fish
5%
2007Brendan Cowell, Maia ThomasAn unmotivated, suburban Melbourne policeman is put on the front line in the search for a psychopathic killer.Noise
5%
1998David Wenham, Toni ColletteA violent man is released on parole and returns home, where he negatively influences his two brothers.The Boys
5%
1974Terry Camilleri, John MeillonIn a small Australian town, the locals deliberately cause car accidents so they can salvage the wrecks and steal valuables from the cars as a means of survival.The Cars That Ate Paris
5%
1975Peter Cummins, John HargreavesA good young cop and a corrupt older cop are called to a domestic dispute, where they become embroiled in the couple's problems.The Removalists
5%

Score Distribution

Percentile by Number Answered

Percent of People with Each Score

Your Score History

You have not taken this quiz